000 00576nam a2200181Ia 4500
008 151202s9999||||xx |||||||||||||| ||und||
082 _bPNVM-63854
100 _aहरकारे अरूण.
245 _aकोण आहे माझं ?.
260 _bपायल पब्लिकेशन पुणे.
260 _c63854
300 _a191
600 _aहरकारे अरूण.
630 _aकोण आहे माझं ?.
700 _aहरकारे अरूण.
730 _aकोण आहे माझं ?.
942 _cBOOK
999 _c1330388
_d1330385